[Event "BL2-West 2223"]
[Site "Germany"]
[Date "2023.03.18"]
[Round "9.6"]
[White "Schaffer, Hendrik"]
[Black "Schaefer, Markus"]
[Result "1/2-1/2"]
[WhiteElo "2220"]
[BlackElo "2358"]
[PlyCount "36"]
[EventDate "2022.10.22"]
[EventType "team-tourn"]
[EventRounds "10"]
[EventCountry "GER"]
[SourceTitle "EXT 2024"]
[Source "ChessBase"]
[SourceDate "2023.10.10"]
[SourceVersion "1"]
[SourceVersionDate "2023.10.10"]
[SourceQuality "1"]
[WhiteTeam "Neuberg"]
[BlackTeam "Solingen II"]
[WhiteTeamCountry "GER"]
[BlackTeamCountry "GER"]

1. d4 Nf6 2. c4 g6 3. Nc3 Bg7 4. e4 d6 5. Nf3 0-0 6. Be2 Na6 7. 0-0 e5 8. Be3 Ng4 9. Bg5 Qe8 10. h3 h6 11. Bc1 Nf6 12. Be3 exd4 13. Bxd4 Qe7 14. Nd5 Qd8 15. Nxf6+ Bxf6 16. Bxf6 Qxf6 17. Qd4 Qxd4 18. Nxd4 Re8 1/2-1/2

[Event "BL2-West 2223"]
[Site "Germany"]
[Date "2022.11.27"]
[Round "4.6"]
[White "Polak, Tomas"]
[Black "Schaffer, Hendrik"]
[Result "1-0"]
[WhiteElo "2502"]
[BlackElo "2220"]
[PlyCount "127"]
[EventDate "2022.10.22"]
[EventType "team-tourn"]
[EventRounds "10"]
[EventCountry "GER"]
[SourceTitle "EXT 2024"]
[Source "ChessBase"]
[SourceDate "2023.10.10"]
[SourceVersion "1"]
[SourceVersionDate "2023.10.10"]
[SourceQuality "1"]
[WhiteTeam "Heimbach Weis/Neuwied"]
[BlackTeam "Neuberg"]
[WhiteTeamCountry "GER"]
[BlackTeamCountry "GER"]

1. d4 Nf6 2. c4 g6 3. Nc3 Bg7 4. e4 d6 5. Nf3 0-0 6. Be2 e5 7. 0-0 Bg4 8. d5 a5 9. Be3 Na6 10. Nd2 Bxe2 11. Qxe2 Nd7 12. a3 f5 13. f3 Qh4 14. Rab1 Bh6 15. b4 axb4 16. axb4 Bxe3+ 17. Qxe3 Nf6 18. Qf2 Qxf2+ 19. Kxf2 c5 20. dxc6 bxc6 21. Rfd1 Nc7 22. Nb3 d5 23. exd5 cxd5 24. cxd5 Rfd8 25. d6 Nce8 26. Re1 e4 27. fxe4 Rac8 28. Nc5 fxe4 29. d7 Nxd7 30. N3xe4 Nb6 31. Red1 Nc7 32. Rxd8+ Rxd8 33. Ra1 Ra8 34. Rxa8+ Nbxa8 35. Kf3 Nb6 36. Nc3 Kf7 37. Ke4 Kf6 38. N5a4 Nxa4 39. Nxa4 Ke6 40. Nc3 Kd6 41. Kd4 Ne6+ 42. Kc4 h5 43. h4 Ke5 44. b5 Nd8 45. Nd5 Kf5 46. Ne7+ Kf6 47. Nc6 Nb7 48. Kd5 g5 49. g3 gxh4 50. gxh4 Kf5 51. Ne5 Kf4 52. b6 Kg3 53. Ng6 Kg4 54. Kc6 Na5+ 55. Kb5 Nb7 56. Kc6 Na5+ 57. Kc7 Kg3 58. Ne5 Kxh4 59. Nc6 Kg3 60. Nxa5 h4 61. b7 h3 62. b8Q Kg2 63. Nc4 h2 64. Ne3+ 1-0

[Event "BL2-West 2122"]
[Site "Germany"]
[Date "2022.06.19"]
[Round "8.6"]
[White "Wilde, Pierre"]
[Black "Schaffer, Hendrik"]
[Result "1/2-1/2"]
[WhiteElo "2262"]
[BlackElo "2246"]
[PlyCount "105"]
[EventDate "2022.03.05"]
[EventType "team-tourn"]
[EventRounds "10"]
[EventCountry "GER"]
[SourceTitle "EXT 2023"]
[Source "ChessBase"]
[SourceDate "2022.10.05"]
[SourceVersion "1"]
[SourceVersionDate "2022.10.05"]
[SourceQuality "1"]
[WhiteTeam "Muenster"]
[BlackTeam "Neuberg"]
[WhiteTeamCountry "GER"]
[BlackTeamCountry "GER"]

1. d4 Nf6 2. c4 g6 3. Nc3 Bg7 4. e4 d6 5. f3 0-0 6. Bg5 Na6 7. Qd2 c6 8. Bd3 Nc7 9. Nge2 Bd7 10. 0-0 b5 11. Rac1 Rb8 12. cxb5 Nxb5 13. Nd1 Qb6 14. Be3 Ne8 15. d5 Qb7 16. Bc4 Nbc7 17. dxc6 Bxc6 18. Qa5 a6 19. Nd4 Bb5 20. Bxb5 axb5 21. Nc6 Ra8 22. Nxe7+ Kh8 23. Qb6 Qxb6 24. Bxb6 Ne6 25. a3 Nf6 26. Be3 Rfe8 27. Nc6 d5 28. e5 Nd7 29. f4 f6 30. exf6 Bxf6 31. Nb4 d4 32. Bd2 Nec5 33. Nd5 Nb3 34. Rc7 Nxd2 35. Rxd7 Bg7 36. Nc7 Nxf1 37. Nxe8 Rxe8 38. Kxf1 b4 39. axb4 Kg8 40. b5 Rb8 41. Ke2 Rxb5 42. Kd3 g5 43. fxg5 Rxg5 44. g3 Rh5 45. h4 Rf5 46. b4 Rf3+ 47. Ke4 Rxg3 48. Nf2 Re3+ 49. Kd5 Rb3 50. Kc4 Rc3+ 51. Kd5 Rb3 52. Kc4 Rc3+ 53. Kd5 1/2-1/2

[Event "BL2-Sued 1920"]
[Site "Germany"]
[Date "2019.12.07"]
[Round "5.4"]
[White "Riff, Jean Noel"]
[Black "Schaffer, Hendrik"]
[Result "1-0"]
[WhiteElo "2507"]
[BlackElo "2282"]
[PlyCount "77"]
[EventDate "2019.10.19"]
[EventType "team-tourn"]
[EventRounds "11"]
[EventCountry "GER"]
[SourceTitle "CBM 194 Extra"]
[Source "ChessBase"]
[SourceDate "2020.03.31"]
[SourceVersion "1"]
[SourceVersionDate "2020.03.31"]
[SourceQuality "1"]
[WhiteTeam "Baden-Baden II"]
[BlackTeam "Neuberg"]
[WhiteTeamCountry "GER"]
[BlackTeamCountry "GER"]

1. e4 c5 2. Nf3 d6 3. d4 cxd4 4. Nxd4 Nf6 5. Nc3 g6 6. Be3 Bg7 7. Be2 0-0 8. Qd2 Nc6 9. 0-0-0 Nxd4 10. Bxd4 Qa5 11. Kb1 Be6 12. Bxf6 Bxf6 13. Nd5 Qxd2 14. Nxf6+ Kg7 15. Nh5+ gxh5 16. Rxd2 Kh6 17. h3 Rac8 18. Re1 Rg8 19. Bf3 f6 20. b3 b5 21. Kb2 h4 22. Rd4 Rg5 23. a4 a6 24. axb5 axb5 25. Ra1 Rc7 26. Ra5 Rgc5 27. Rd2 Kg5 28. Be2 Rb7 29. Rd4 f5 30. Bd3 f4 31. f3 Kf6 32. Ra8 Rg5 33. Bf1 Rg8 34. Rxg8 Bxg8 35. Rb4 Be6 36. Rxb5 Rc7 37. Rh5 Rc8 38. Rh6+ Ke5 39. Rxh7 1-0

[Event "BL2-Sued 1920"]
[Site "Germany"]
[Date "2019.11.23"]
[Round "3.5"]
[White "Ratkovic, Miloje"]
[Black "Schaffer, Hendrik"]
[Result "1-0"]
[WhiteElo "2456"]
[BlackElo "2282"]
[PlyCount "71"]
[EventDate "2019.10.19"]
[EventType "team-tourn"]
[EventRounds "11"]
[EventCountry "GER"]
[SourceTitle "CBM 194 Extra"]
[Source "ChessBase"]
[SourceDate "2020.03.31"]
[SourceVersion "1"]
[SourceVersionDate "2020.03.31"]
[SourceQuality "1"]
[WhiteTeam "Schoenaich"]
[BlackTeam "Neuberg"]
[WhiteTeamCountry "GER"]
[BlackTeamCountry "GER"]

1. d4 Nf6 2. c4 g6 3. Nc3 Bg7 4. e4 d6 5. f3 0-0 6. Be3 c5 7. dxc5 dxc5 8. Qxd8 Rxd8 9. Bxc5 Nc6 10. Be3 Nd7 11. Nge2 Nde5 12. Nf4 Nb4 13. Rc1 g5 14. Nfd5 Ned3+ 15. Bxd3 Nxd3+ 16. Ke2 Nxc1+ 17. Rxc1 Rd7 18. Bxg5 f6 19. Bf4 e5 20. Be3 b6 21. g4 Ba6 22. b3 Kf7 23. Rf1 Ke6 24. f4 exf4 25. Rxf4 Rf8 26. Rf5 Bb7 27. Rh5 Rh8 28. Bd4 Rf7 29. Kd3 Bc6 30. h3 Be8 31. Rf5 Rhf8 32. Nf4+ Kd7 33. Rd5+ Kc8 34. Ne6 Rg8 35. Rd8+ Kb7 36. Nb5 1-0

[Event "BL2-Sued 1920"]
[Site "Germany"]
[Date "2019.10.20"]
[Round "2.5"]
[White "Schaffer, Hendrik"]
[Black "Guliyev, Namig"]
[Result "0-1"]
[WhiteElo "2282"]
[BlackElo "2548"]
[PlyCount "54"]
[EventDate "2019.10.19"]
[EventType "team-tourn"]
[EventRounds "11"]
[EventCountry "GER"]
[SourceTitle "CBM 194 Extra"]
[Source "ChessBase"]
[SourceDate "2020.03.31"]
[SourceVersion "1"]
[SourceVersionDate "2020.03.31"]
[SourceQuality "1"]
[WhiteTeam "Neuberg"]
[BlackTeam "Eppingen"]
[WhiteTeamCountry "GER"]
[BlackTeamCountry "GER"]

1. d4 d5 2. Nf3 Nf6 3. c4 dxc4 4. e3 a6 5. Bxc4 e6 6. 0-0 Nbd7 7. b3 Bd6 8. Bb2 0-0 9. Nbd2 Qe7 10. Ne5 c5 11. Ndf3 b5 12. Bd3 Bb7 13. Qe2 cxd4 14. Nxd7 Nxd7 15. exd4 Ba3 16. Ne5 Bxb2 17. Qxb2 Rfd8 18. Rad1 Nf6 19. Rfe1 Rac8 20. f4 Nd5 21. f5 Nc3 22. Rd2 Qh4 23. Rf2 f6 24. fxe6 fxe5 25. e7 Qxe7 26. Rxe5 Qd6 27. Rh5 Be4 0-1

[Event "Oberliga Ost-B 1819"]
[Site "Germany"]
[Date "2019.02.03"]
[Round "7.8"]
[White "Schaffer, Hendrik"]
[Black "Foermes, Alexander"]
[Result "1-0"]
[WhiteElo "2261"]
[BlackElo "2052"]
[PlyCount "71"]
[EventDate "2018.10.21"]
[EventType "team-tourn"]
[EventRounds "11"]
[EventCountry "GER"]
[SourceTitle "EXT 2020"]
[Source "ChessBase"]
[SourceDate "2019.10.17"]
[SourceVersion "1"]
[SourceVersionDate "2019.10.17"]
[SourceQuality "1"]
[WhiteTeam "Neuberg"]
[BlackTeam "Marburg"]
[WhiteTeamCountry "GER"]
[BlackTeamCountry "GER"]

1. d4 Nf6 2. Nf3 d5 3. c4 e6 4. Nc3 dxc4 5. e3 a6 6. a4 b6 7. Bxc4 Bb7 8. 0-0 Be7 9. Qe2 0-0 10. Rd1 Re8 11. e4 Bb4 12. Bd3 h6 13. Bf4 Nbd7 14. Rac1 Be7 15. Bb1 Rc8 16. Qc2 Nf8 17. h3 c6 18. Qb3 N8d7 19. Be3 c5 20. d5 e5 21. Ne2 Bf8 22. Ng3 g6 23. Nd2 Rb8 24. f4 exf4 25. Bxf4 Ne5 26. Rf1 Nfd7 27. Nc4 Ba8 28. Nf5 Kh7 29. Nxe5 Nxe5 30. Qc3 gxf5 31. Bxe5 Rb7 32. Rxf5 Rxe5 33. Qxe5 Bg7 34. Qf4 Bd4+ 35. Kh1 Re7 36. Rxf7+ 1-0

[Event "Oberliga Ost-B 1819"]
[Site "Germany"]
[Date "2018.11.11"]
[Round "3.6"]
[White "Duchrow, Oliver"]
[Black "Schaffer, Hendrik"]
[Result "0-1"]
[WhiteElo "2096"]
[BlackElo "2261"]
[PlyCount "126"]
[EventDate "2018.10.21"]
[EventType "team-tourn"]
[EventRounds "11"]
[EventCountry "GER"]
[SourceTitle "EXT 2020"]
[Source "ChessBase"]
[SourceDate "2019.10.17"]
[SourceVersion "1"]
[SourceVersionDate "2019.10.17"]
[SourceQuality "1"]
[WhiteTeam "Sangerhausen"]
[BlackTeam "Neuberg"]
[WhiteTeamCountry "GER"]
[BlackTeamCountry "GER"]

1. e4 Nc6 2. d4 e5 3. Nf3 exd4 4. Nxd4 Nf6 5. Nxc6 bxc6 6. Bd3 d5 7. Nd2 Bd6 8. exd5 cxd5 9. Qe2+ Qe7 10. Qxe7+ Bxe7 11. Bb5+ Bd7 12. Bxd7+ Nxd7 13. 0-0 0-0 14. b3 Bf6 15. Rb1 Rfe8 16. Bb2 Re2 17. Rfd1 Rae8 18. Bxf6 Nxf6 19. h3 d4 20. Kf1 Nd5 21. Re1 Nc3 22. a4 Kf8 23. Rbd1 c5 24. g4 h6 25. a5 a6 26. b4 cxb4 27. Nb3 Rxe1+ 28. Rxe1 Rd8 29. Nc5 Rd6 30. Re5 Rc6 31. Nd7+ Kg8 32. Re8+ Kh7 33. Nf8+ Kg8 34. Ne6+ Kh7 35. Nxd4 Rc4 36. Rd8 Nb1 37. Ke1 Na3 38. Kd1 Rc5 39. Rd6 Nc4 40. Rd7 Rxa5 41. Ke2 Ra2 42. Rc7 Nd6 43. Rd7 Ne4 44. Ke3 Ng5 45. h4 Ne6 46. Nc6 Rxc2 47. Nxb4 Rc4 48. Nxa6 Rxg4 49. Rxf7 Rxh4 50. Nc7 Re4+ 51. Kxe4 Ng5+ 52. Kf5 Nxf7 53. Ne6 Nd6+ 54. Ke5 Ne8 55. Kf5 g6+ 56. Kg4 Kg8 57. Nf4 Kf7 58. Nh3 Kf6 59. Kf4 Ng7 60. Kg4 Ne6 61. f3 h5+ 62. Kg3 Kf5 63. Kg2 Nf4+ 0-1

[Event "Oberliga Ost-B 1718"]
[Site "Germany"]
[Date "2017.12.10"]
[Round "4.7"]
[White "Schaffer, Hendrik"]
[Black "Kersten, Uwe"]
[Result "1-0"]
[WhiteElo "2236"]
[BlackElo "2245"]
[PlyCount "153"]
[EventDate "2017.10.22"]
[EventType "team-tourn"]
[EventRounds "11"]
[EventCountry "GER"]
[SourceTitle "EXT 2019"]
[Source "ChessBase"]
[SourceDate "2018.10.10"]
[SourceVersion "1"]
[SourceVersionDate "2018.10.10"]
[SourceQuality "1"]
[WhiteTeam "Neuberg"]
[BlackTeam "Kassel"]
[WhiteTeamCountry "GER"]
[BlackTeamCountry "GER"]

1. d4 Nf6 2. c4 c5 3. d5 b5 4. cxb5 a6 5. bxa6 g6 6. Nc3 Bg7 7. g3 0-0 8. Bg2 d6 9. Nf3 Nbd7 10. 0-0 Nb6 11. Ne1 Nfd7 12. Nc2 Nc4 13. Ne3 Ndb6 14. Nxc4 Nxc4 15. Qc2 Bxa6 16. Bd2 Qa5 17. Rfb1 Nxd2 18. Qxd2 Rfb8 19. Rc1 Ra7 20. Bf3 Rab7 21. Rc2 Be5 22. Kg2 Kg7 23. Rac1 c4 24. e4 Rb4 25. Be2 Qb6 26. Rb1 Qa5 27. f4 Bf6 28. Qe3 Qb6 29. Qxb6 R8xb6 30. a3 Rb3 31. Na4 Rb8 32. Bxc4 Bxc4 33. Rxc4 Rxa3 34. bxa3 Rxb1 35. Rb4 Ra1 36. Rb3 Bd4 37. Rd3 Ra2+ 38. Kh1 Ra1+ 39. Kg2 Ra2+ 40. Kf1 Ba1 41. h4 f5 42. exf5 gxf5 43. Nb6 Kf7 44. Nc4 Bg7 45. Ke1 Bf8 46. Ne3 e6 47. Kd1 Bg7 48. Kc1 Bb2+ 49. Kc2 Rxa3 50. Nc4 Rxd3 51. Kxd3 Bf6 52. Nxd6+ Ke7 53. Nc8+ Kd7 54. Nb6+ Kc7 55. Nc4 Kd7 56. dxe6+ Kxe6 57. h5 Be7 58. Ke3 Bc5+ 59. Kf3 Kf6 60. g4 fxg4+ 61. Kxg4 h6 62. Nd2 Bd4 63. Kf3 Bb2 64. Ke4 Bc3 65. Nc4 Bb4 66. Nb6 Ba3 67. Nd7+ Ke6 68. Ne5 Be7 69. Ng4 Bf8 70. f5+ Kf7 71. Ke5 Bg7+ 72. f6 Bf8 73. Kf5 Kg8 74. Kg6 Kh8 75. Nxh6 Ba3 76. Nf7+ Kg8 77. h6 1-0

[Event "Oberliga Ost-B 1718"]
[Site "Germany"]
[Date "2017.10.22"]
[Round "1.8"]
[White "Meyer, Kai Christian"]
[Black "Schaffer, Hendrik"]
[Result "0-1"]
[WhiteElo "2158"]
[BlackElo "2236"]
[PlyCount "92"]
[EventDate "2017.10.22"]
[EventType "team-tourn"]
[EventRounds "11"]
[EventCountry "GER"]
[SourceTitle "EXT 2019"]
[Source "ChessBase"]
[SourceDate "2018.10.10"]
[SourceVersion "1"]
[SourceVersionDate "2018.10.10"]
[SourceQuality "1"]
[WhiteTeam "Schoeneck"]
[BlackTeam "Neuberg"]
[WhiteTeamCountry "GER"]
[BlackTeamCountry "GER"]

1. c4 g6 2. g3 Bg7 3. Bg2 d6 4. e3 Nf6 5. Ne2 0-0 6. 0-0 e5 7. Nbc3 Nc6 8. d3 Ne7 9. f4 c6 10. h3 Ne8 11. e4 Be6 12. g4 Qb6+ 13. Kh1 f5 14. exf5 gxf5 15. g5 h6 16. gxh6 Bf6 17. h7+ Kh8 18. Ng3 Ng7 19. Nce2 Ng6 20. Rb1 Nh4 21. b3 Rae8 22. Ng1 Bf7 23. Qc2 Bg6 24. Nf3 Nxg2 25. Qxg2 Bxh7 26. fxe5 dxe5 27. Bg5 Qd8 28. Bxf6 Qxf6 29. Rbe1 f4 30. Ne4 Bxe4 31. dxe4 Nh5 32. Rg1 Rg8 33. Qb2 Ng3+ 34. Kh2 Rg7 35. Qg2 Rd7 36. Rd1 Rxd1 37. Rxd1 Nxe4 38. Qg4 Ng3 39. Ng5 Qf5 40. Qh4+ Kg8 41. Rg1 e4 42. Qg4 Qxg4 43. hxg4 Ne2 44. Rf1 f3 45. Nxf3 exf3 46. Rxf3 Kg7 0-1

[Event "Oberliga Ost-B 1617"]
[Site "Germany"]
[Date "2017.04.23"]
[Round "9.7"]
[White "Schaffer, Hendrik"]
[Black "Du Maire, Jerome"]
[Result "1/2-1/2"]
[WhiteElo "2267"]
[BlackElo "2169"]
[PlyCount "73"]
[EventDate "2016.10.16"]
[EventType "team-tourn"]
[EventRounds "11"]
[EventCountry "GER"]
[SourceTitle "EXT 2018"]
[Source "ChessBase"]
[SourceDate "2017.10.13"]
[SourceVersion "1"]
[SourceVersionDate "2017.10.13"]
[SourceQuality "1"]
[WhiteTeam "Neuberg"]
[BlackTeam "Frankfurt TV"]
[WhiteTeamCountry "GER"]
[BlackTeamCountry "GER"]

1. d4 d5 2. c4 e6 3. Nc3 Be7 4. Nf3 Nf6 5. Bg5 h6 6. Bh4 0-0 7. e3 b6 8. Be2 Bb7 9. 0-0 Nbd7 10. Rc1 c5 11. cxd5 Nxd5 12. Bg3 cxd4 13. Nxd4 Nc5 14. Bf3 Nxc3 15. Rxc3 Ne4 16. Bxe4 Bxe4 17. f3 Bd5 18. Nc6 Bxc6 19. Rxc6 Rc8 20. Rxc8 Qxc8 21. Qa4 a6 22. Be5 b5 23. Qg4 f6 24. Bc3 e5 25. Qxc8 Rxc8 26. Rc1 Kf7 27. Kf1 Ke6 28. e4 h5 29. Bd2 Rxc1+ 30. Bxc1 Bc5 31. Ke2 g6 32. Bd2 Bd4 33. b3 Bc5 34. Kd3 Kd6 35. h3 Ke6 36. Ba5 Kd7 37. Bd2 1/2-1/2

[Event "BL2-Ost 1516"]
[Site "Germany"]
[Date "2016.01.30"]
[Round "7.8"]
[White "Seyb, Dieter"]
[Black "Schaffer, Hendrik"]
[Result "0-1"]
[WhiteElo "2280"]
[BlackElo "2265"]
[PlyCount "44"]
[EventDate "2015.09.20"]
[EventType "team-tourn"]
[EventRounds "9"]
[EventCountry "GER"]
[SourceTitle "CBM 171 Extra"]
[Source "ChessBase"]
[SourceDate "2016.04.26"]
[SourceVersion "1"]
[SourceVersionDate "2016.04.26"]
[SourceQuality "1"]
[WhiteTeam "Forchheim"]
[BlackTeam "Neuberg"]
[WhiteTeamCountry "GER"]
[BlackTeamCountry "GER"]

1. e4 c5 2. Nf3 d6 3. d4 cxd4 4. Nxd4 Nf6 5. Nc3 g6 6. Be3 Bg7 7. f3 0-0 8. Qd2 Nc6 9. g4 Be6 10. Nxe6 fxe6 11. 0-0-0 Ne5 12. Be2 Rc8 13. Nb5 Qd7 14. Nxa7 Ra8 15. a3 b5 16. Nxb5 Nxf3 17. Bxf3 Qxb5 18. Qb4 Qe5 19. Qd4 Qb5 20. Qb4 Qc6 21. Qb6 Qxb6 22. Bxb6 Nd7 0-1

[Event "BL2-Ost 1516"]
[Site "Germany"]
[Date "2015.09.20"]
[Round "2.8"]
[White "Dehlinger, Alexander"]
[Black "Schaffer, Hendrik"]
[Result "1/2-1/2"]
[WhiteElo "2271"]
[BlackElo "2252"]
[PlyCount "53"]
[EventDate "2015.09.20"]
[EventType "team-tourn"]
[EventRounds "9"]
[EventCountry "GER"]
[SourceTitle "CBM 170 Extra"]
[Source "ChessBase"]
[SourceDate "2016.02.25"]
[SourceVersion "1"]
[SourceVersionDate "2016.02.25"]
[SourceQuality "1"]
[WhiteTeam "Garching"]
[BlackTeam "Neuberg"]
[WhiteTeamCountry "GER"]
[BlackTeamCountry "GER"]

1. Nf3 Nf6 2. c4 g6 3. g3 Bg7 4. Bg2 0-0 5. 0-0 d5 6. cxd5 Nxd5 7. d4 Nb6 8. Nc3 Nc6 9. e3 h6 10. Qe2 e5 11. dxe5 Nxe5 12. Nxe5 Bxe5 13. e4 Kh7 14. Be3 Be6 15. Rfd1 Qc8 16. Rac1 Rd8 17. f4 Rxd1+ 18. Qxd1 Bg7 19. b3 c6 20. e5 Qd7 21. Qxd7 Nxd7 22. Ne4 a5 23. Nd6 Rb8 24. Ba7 Ra8 25. Be3 Rb8 26. Bf1 f6 27. Bc4 1/2-1/2

[Event "BL2-Sued 1314"]
[Site "Germany"]
[Date "2014.02.23"]
[Round "7.7"]
[White "Lanka, Zigurds"]
[Black "Schaffer, Hendrik"]
[Result "1-0"]
[WhiteElo "2434"]
[BlackElo "2268"]
[PlyCount "67"]
[EventDate "2013.10.13"]
[EventType "team-tourn"]
[EventRounds "9"]
[EventCountry "GER"]
[SourceTitle "EXT 2015"]
[Source "ChessBase"]
[SourceDate "2014.11.20"]
[SourceVersion "1"]
[SourceVersionDate "2014.11.20"]
[SourceQuality "1"]
[WhiteTeam "Schott Mainz"]
[BlackTeam "Neuberg"]
[WhiteTeamCountry "GER"]
[BlackTeamCountry "GER"]

1. e4 c5 2. Nf3 d6 3. d4 cxd4 4. Nxd4 Nf6 5. Nc3 g6 6. Be2 Bg7 7. f4 Nc6 8. Be3 0-0 9. Nb3 a5 10. a4 Be6 11. 0-0 Nb4 12. f5 Bxb3 13. cxb3 Nd7 14. Kh1 Ne5 15. Nd5 Nxd5 16. Qxd5 Nd7 17. Qxb7 Bxb2 18. Ra2 Rb8 19. Qd5 Bg7 20. Bb5 Nf6 21. Qd3 Qc7 22. Bg5 Rfc8 23. Bc4 Rd8 24. Rc2 Qb7 25. Bxf6 Bxf6 26. fxg6 hxg6 27. e5 d5 28. Ba6 Qxb3 29. exf6 Qxd3 30. Bxd3 e5 31. Rc7 Rb4 32. Re7 Rd4 33. Bb5 Re4 34. Be8 1-0

[Event "BL2-Sued 1314"]
[Site "Germany"]
[Date "2014.01.19"]
[Round "5.8"]
[White "Schaffer, Hendrik"]
[Black "Born, Mario"]
[Result "1-0"]
[WhiteElo "2262"]
[BlackElo "2182"]
[PlyCount "97"]
[EventDate "2013.10.13"]
[EventType "team-tourn"]
[EventRounds "9"]
[EventCountry "GER"]
[SourceTitle "EXT 2015"]
[Source "ChessBase"]
[SourceDate "2014.11.20"]
[SourceVersion "1"]
[SourceVersionDate "2014.11.20"]
[SourceQuality "1"]
[WhiteTeam "Neuberg"]
[BlackTeam "Boeblingen"]
[WhiteTeamCountry "GER"]
[BlackTeamCountry "GER"]

1. d4 d5 2. c4 c6 3. Nf3 Nf6 4. Nc3 g6 5. Qa4 Bg7 6. cxd5 Nxd5 7. e4 Nb6 8. Qd1 0-0 9. Be2 Be6 10. 0-0 Qd6 11. Qd2 Nc4 12. Qg5 f6 13. Qh4 Nb6 14. Rd1 g5 15. Qg3 Qxg3 16. hxg3 Rd8 17. b3 a5 18. Be3 N8d7 19. Rac1 Rac8 20. Nd2 Bf7 21. Nc4 Nxc4 22. bxc4 e6 23. Rb1 b6 24. f4 h6 25. e5 fxe5 26. dxe5 gxf4 27. gxf4 Bf8 28. Na4 Bg6 29. Rb2 Nc5 30. Nxc5 Rxd1+ 31. Bxd1 Bxc5 32. Bxc5 bxc5 33. Bg4 Bf7 34. Rb6 Rd8 35. Rxc6 Rd4 36. Rxc5 Rxf4 37. Be2 a4 38. Ra5 Re4 39. Kf2 Kf8 40. Bd3 Rd4 41. Ke3 Rg4 42. c5 Rg3+ 43. Kd4 Be8 44. Be4 Rg4 45. Ke3 Rg3+ 46. Bf3 h5 47. Kf4 Rg7 48. Ra8 Rf7+ 49. Ke3 1-0

[Event "Oberliga Ost-B 1213"]
[Site "Germany"]
[Date "2013.04.13"]
[Round "10.5"]
[White "Debus, Alfred"]
[Black "Schaffer, Hendrik"]
[Result "1/2-1/2"]
[WhiteElo "2180"]
[BlackElo "2286"]
[PlyCount "42"]
[EventDate "2012.09.30"]
[EventType "team-tourn"]
[EventRounds "11"]
[EventCountry "GER"]
[SourceTitle "EXT 2014"]
[Source "ChessBase"]
[SourceDate "2013.11.20"]
[SourceVersion "1"]
[SourceVersionDate "2013.11.20"]
[SourceQuality "1"]
[WhiteTeam "Marburg"]
[BlackTeam "Neuberg"]
[WhiteTeamCountry "GER"]
[BlackTeamCountry "GER"]

1. e4 c5 2. c3 Nf6 3. e5 Nd5 4. Nf3 e6 5. Na3 d6 6. Be2 dxe5 7. Nxe5 Nd7 8. Qa4 Bd6 9. Nac4 Bc7 10. 0-0 0-0 11. Nd3 a6 12. Ne3 b5 13. Qg4 f5 14. Qh3 N5f6 15. f4 c4 16. Ne1 Nc5 17. Nd1 Nd5 18. d4 cxd3 19. Nxd3 Nxd3 20. Qxd3 Bb6+ 21. Kh1 Ra7 1/2-1/2

[Event "Oberliga Ost-B 1213"]
[Site "Germany"]
[Date "2012.11.10"]
[Round "2.5"]
[White "Schaffer, Hendrik"]
[Black "Klings, Peter"]
[Result "1/2-1/2"]
[WhiteElo "2286"]
[BlackElo "2178"]
[PlyCount "72"]
[EventDate "2012.09.30"]
[EventType "team-tourn"]
[EventRounds "11"]
[EventCountry "GER"]
[SourceTitle "EXT 2014"]
[Source "ChessBase"]
[SourceDate "2013.11.20"]
[SourceVersion "1"]
[SourceVersionDate "2013.11.20"]
[SourceQuality "1"]
[WhiteTeam "Neuberg"]
[BlackTeam "Moerlenbach"]
[WhiteTeamCountry "GER"]
[BlackTeamCountry "GER"]

1. d4 Nf6 2. c4 Nc6 3. Nf3 e6 4. Nc3 Bb4 5. Qd3 0-0 6. Bg5 d5 7. e3 Re8 8. a3 dxc4 9. Qxc4 Bd6 10. Be2 Bd7 11. Ne4 Be7 12. Nc5 Bxc5 13. Qxc5 Rc8 14. Qc2 e5 15. d5 Nb8 16. 0-0 c6 17. d6 Bg4 18. Qb3 Qxd6 19. Bxf6 Qxf6 20. Qxb7 Re7 21. Qb3 c5 22. h3 Bh5 23. Rac1 Nd7 24. Rfd1 h6 25. Qc4 e4 26. Nd4 Ne5 27. Qc2 Bxe2 28. Qxe2 Nd3 29. Rxd3 exd3 30. Qxd3 Rb7 31. b4 Qb6 32. Qf5 Rbc7 33. bxc5 Rxc5 34. Qxc8+ Rxc8 35. Rxc8+ Kh7 36. Rf8 Qc7 1/2-1/2

[Event "Oberliga Ost-B 1011"]
[Site "Germany"]
[Date "2011.03.20"]
[Round "9.4"]
[White "Schaffer, Hendrik"]
[Black "Gottschalk, Jens"]
[Result "0-1"]
[WhiteElo "2265"]
[BlackElo "2274"]
[PlyCount "64"]
[EventDate "2010.10.24"]
[EventType "team-tourn"]
[EventRounds "11"]
[EventCountry "GER"]
[SourceTitle "EXT 2012"]
[Source "ChessBase"]
[SourceDate "2011.11.24"]
[SourceVersion "1"]
[SourceVersionDate "2011.11.24"]
[SourceQuality "1"]
[WhiteTeam "Neuberg"]
[BlackTeam "Wiesbaden"]
[WhiteTeamCountry "GER"]
[BlackTeamCountry "GER"]

1. d4 Nf6 2. Nf3 g6 3. g3 Bg7 4. Bg2 0-0 5. 0-0 d5 6. c4 c6 7. cxd5 cxd5 8. Ne5 Nbd7 9. Nc3 e6 10. Nxd7 Bxd7 11. Qb3 Bc6 12. Bg5 Qd7 13. a4 Ne4 14. Nxe4 dxe4 15. Rfd1 Rac8 16. Bd2 Bd5 17. Qe3 Rc4 18. Bc3 Qc6 19. a5 Rc8 20. Qd2 e3 21. Qxe3 Bxg2 22. f3 Bh3 23. g4 h5 24. gxh5 gxh5 25. Qg5 e5 26. Kh1 exd4 27. Bxd4 Qg6 28. Qxg6 fxg6 29. Bxa7 Bxb2 30. Rab1 Rc1 31. Kg1 Rxb1 32. Rxb1 Rc1+ 0-1

[Event "Oberliga Ost-B 0910 playoff"]
[Site "Germany"]
[Date "2010.04.25"]
[Round "1"]
[White "Schaffer, Hendrik"]
[Black "Darr, Sascha"]
[Result "1-0"]
[WhiteElo "2261"]
[BlackElo "2281"]
[PlyCount "59"]
[EventDate "2010.04.25"]
[EventType "team-match"]
[EventRounds "1"]
[EventCountry "GER"]
[SourceTitle "CBM 136 Extra"]
[Source "ChessBase"]
[SourceDate "2010.07.02"]
[SourceVersion "2"]
[SourceVersionDate "2010.07.15"]
[SourceQuality "1"]

1. d4 Nf6 2. c4 g6 3. Nc3 Bg7 4. e4 d6 5. Nf3 0-0 6. Be2 e5 7. 0-0 Nc6 8. d5 Ne7 9. b4 Nh5 10. Re1 f5 11. Ng5 Nf6 12. Bf3 c6 13. Bb2 h6 14. Ne6 Bxe6 15. dxe6 fxe4 16. Nxe4 Nxe4 17. Rxe4 d5 18. cxd5 cxd5 19. Rxe5 Bxe5 20. Bxe5 Kh7 21. Bb2 Qb6 22. Qe2 Qd6 23. h4 h5 24. Bxh5 Qxb4 25. Bf3 Qf4 26. Rd1 Rad8 27. h5 g5 28. Rd4 Qf5 29. Rxd5 Qf4 30. Qd3+ 1-0